| 000 | 00529nam a2200157 i 4500 | ||
|---|---|---|---|
| 001 | 79674 | ||
| 003 | ES-MaACL | ||
| 005 | 20230906174028.0 | ||
| 007 | t| | ||
| 008 | 041022s1913 fr ||||1| fre d | ||
| 100 | 1 |
_aHersch, L. _963387 |
|
| 245 | 1 | 3 |
_aLe juif errant d'aujourd hui _b: etude sur l'emigration des israelites de l'Europe Orientale aux Etats-Unis de l'Amerique du Nord / _cpar L. Hersch. |
| 260 |
_aParis : _b[s.n., _c1913] ( _eSaint Amand : _fBussière) |
||
| 300 |
_a331 p. ; _c23 cm. |
||
| 852 |
_aES-MaACL _jF-14146 |
||
| 999 |
_c79674 _d79674 |
||